000 01303nam a2200301 4500
008 081024s2003 -hk b 000 0 chi d
020 _a9628322524 :NT790/671.50/Php1007.25/gift : Taipei Christian Linshun South Road Church
041 1 _achi
_hfre
090 _aB2590.C5
_bZ48
_bL53
100 1 _aLeibniz, Gottfried Wilhelm,
_cFreiherr von,
_d1646-1716.
240 1 0 _aEssais de theodicee.
_lChinese
245 1 0 _aShen yi lun {ch}/
_cLaibunici zhu ; Zhu Yanbing yi ; Zhang Xian jiao
246 1 0 _aDie theodizee /
_cGottfried Wihelm Leibniz.
246 3 1 _aTheodizee
250 _aChu ban.
260 _aHong Kong :
_bInstitute of Sino-Christian Studies;
_aXianggang :
_bDao feng shu she,
_c2003.
300 _alxxxix, 497 p. ;
_c22 cm.
490 1 _aLi dai Jidu jiao si xiang xue shu wen ku. Xian dai xi lie ;
_v220 =
_aChinese academic library of Christian thought. Modern series ;
_v220
500 _aFu: Dan zi lun.
500 _aYi zi: Essais de theodicee.
504 _aFu can kao wen xian.
650 4 _aFree will and determinism
_vEarly works to 1800.
650 4 _aTheism
_vEarly works to 1800.
650 4 _aTheodicy
_vEarly works to 1800.
700 1 _aZhu, Yanbing.
740 0 2 _aDan zi lun.
951 _pC-8993
_x00037044
_oREF-CHB2590.C5/Z48/L53
_j081024122436061
_d2000-12-21
_cRef-CH
999 _c32400
_d32400